LEADER 01138nam a2200241 i 4500 001 000000001662 003 CaOOAMICUS 005 20250710095120.0 008 180830s2000 it u000 u ita u 040 $aSeMil$bita 245 10$aCatalogo del fondo antico della Biblioteca del Centro Studi Educativi /$ca cura di Lucia Fagnoni ; introduzione storica di Diego Bottoni ... [et al.]. 264 1$aMilano :$bRegione Lombardia,$c2000. 300 $a2 v. ;$c30 cm 650 4$aMilano - Biblioteca del Centro studi educativi - Cataloghi.$0(OLS)http://semarc/subject/58144 650 4$aCinquecentine - Cataloghi.$0(OLS)http://semarc/subject/159 700 1 $aFagnoni, Lucia.$0(OLS)http://semarc/name/1512 700 1 $aBottoni, Diego.$0(OLS)http://semarc/name/1513 710 0 $aCentro Studi Educativi .$0(OLS)http://semarc/name/1516 774 0 $tVol. 1.$w()105127 774 0 $tVol. 2.$w()105128 996 $6245$aCatalogo del fondo antico della Biblioteca del Centro Studi Educativi$9(OLS)http://semarc/title/2722 996 $6264$aMilano :$bRegione Lombardia$9(OLS)http://semarc/publisher/30334 LEADER 01235nam a2200277 i 4500 001 000000040136 003 CaOOAMICUS 005 20220512095904.0 008 130720s1992 be u000 u eng u 013 $a11294 020 $a90-6186-495-X 040 $aSeMil$bita 245 00$a1 /$ced. by F. Van Segbroeck ... [et al.]. 264 1$aLeuven :$bUniversity Press : Peeters,$c1992. 300 $aXVIII, 690 p., [1] carta di tav. :$britr. ;$c25 cm 490 1 $aBibliotheca Ephemeridum Theologicarum Lovaniensium ;$v100/1 700 1 $aSegbroeck, Frans : van.$0(OLS)http://semarc/name/6955 773 0 $tFour gospels.$dLeuven : University Press : Peeters, 1992.$kBibliotheca Ephemeridum Theologicarum Lovaniensium$g1$w()28662 830 0$aBibliotheca Ephemeridum Theologicarum Lovaniensium ;$v100/1.$0(OLS)http://semarc/title/108 850 $aSeMil 852 $aSeMil$W1$xVenegono$y1$m2IA A 100/1$j6291$B6291$CSeMilBibl$Z2$F6291 $81 961 $aAcquisto: Glossa (Libreria) 996 $6020$a90-6186-495-X$9(OLS)http://semarc/number/10128 996 $6245$a1$9(OLS)http://semarc/title/46247 996 $6264$aLeuven :$bUniversity Press : Peeters$9(OLS)http://semarc/publisher/60027